000 00457nab a2200145Ia 4500
003 ES-SlBCS
005 20210601142127.0
008 140529s1997 xxu||||| |||| 00| 0 spa d
041 _aspa
100 1 _aRobles Carcedo, Laureano
_95359
245 0 0 _aAzorín y Giner de los Ríos
_c Laureano Robles Carcedo
600 0 4 _aAzorín-Giner de los Ríos
_9265345
773 0 _tHistoria de la Educacion
_gvol. 16, nº. 16, 1997, págs. 475-505
_wRev223
942 _cAR
999 _c671989
_d671989